000 00723nam a2200289Ia 4500
005 20260324124903.0
008 008 260324s9999 xx 000 0 eng d
020 _a9780203867426
037 _aEBOOK
040 _aCRL
040 _beng
040 _cCRL
041 _2eng
041 _aeng
084 _qCRL
100 _aZiya Onis; Fikret Senses
_91175878
245 0 _aTurkey and the Global Economy
245 0 _bNeo-Liberal Restructuring and Integration in the Post-Crisis Era
260 _bTaylor and Francis
260 _c2009
365 _a
365 _b160
856 _uhttp://www.taylorfrancis.com/books/9780203867426
942 _cEBOOK
999 _c1770663
_d1770663